ბათუმის შოთა რუსთაველის სახელმწიფო უნივერსიტეტის ბიბლიოთეკა

The Public Administration Theory Primer / (ბიბ.ჩანაწერი № 62274)

000 -LEADER
fixed length control field 00819nam a22002057a 4500
005 - DATE AND TIME OF LATEST TRANSACTION
control field 20240911164947.0
008 - FIXED-LENGTH DATA ELEMENTS--GENERAL INFORMATION
fixed length control field 240911s2016 enk||||| |||| 00| 0 eng d
020 ## - INTERNATIONAL STANDARD BOOK NUMBER
International Standard Book Number 9780813349664x
041 ## - LANGUAGE CODE
Language code of text/sound track or separate title eng
080 ## - UNIVERSAL DECIMAL CLASSIFICATION NUMBER
Universal Decimal Classification number 351.73 Th-44
245 ## - TITLE STATEMENT
Title The Public Administration Theory Primer /
Statement of responsibility, etc. Author : H. George Frederickson, Kevin B. Smith, Christopher Larimer, Michael J. Licari.
264 ## - PRODUCTION, PUBLICATION, DISTRIBUTION, MANUFACTURE, AND COPYRIGHT NOTICE
Place of production, publication, distribution, manufacture Boulder :
Name of producer, publisher, distributor, manufacturer Westview Press,
Date of production, publication, distribution, manufacture, or copyright notice 2016.
300 ## - PHYSICAL DESCRIPTION
Extent 310 p.;
Other physical details 23 cm.
653 ## - INDEX TERM--UNCONTROLLED
keyword საჯარო მმართველობის თეორია
700 ## - ADDED ENTRY--PERSONAL NAME
Personal name Frederickson, H. George
Relator term ავტორი
9 (RLIN) 23202
700 ## - ADDED ENTRY--PERSONAL NAME
Personal name Smith, Kevin B.
Relator term ავტორი
9 (RLIN) 23203
700 ## - ADDED ENTRY--PERSONAL NAME
Personal name Larimer, Christopher
Relator term ავტორი
9 (RLIN) 23204
700 ## - ADDED ENTRY--PERSONAL NAME
Personal name Licari, Michael J.
Relator term ავტორი
9 (RLIN) 23205
942 ## - ADDED ENTRY ELEMENTS (KOHA)
Source of classification or shelving scheme
Koha item type წიგნი
ეგზემპლარები
Withdrawn status Lost status Source of classification or shelving scheme Damaged status Not for loan Permanent Location Current Location Shelving location Date acquired Cost, normal purchase price Full call number Barcode Date last seen Copy number Price effective from Koha item type Public note
          ბათუმის შოთა რუსთაველის სახელმწიფო უნივერსიტეტის მთავარი ბიბლიოთეკა ბათუმის შოთა რუსთაველის სახელმწიფო უნივერსიტეტის მთავარი ბიბლიოთეკა წიგნსაცავი 2024-09-11 135.00 351.73 Th-44 68851 2024-09-11 68851 2024-09-11 წიგნი 135 ლ.